Les États américains commençant par N - Statistiques

Statistiques générales
  • Ce quiz a été pris 221 fois
  • Le résultat moyen est 5 sur 6
Statistiques - réponses
Hint Réponse % Correct
2 Nevada
95%
5 New York
83%
1 Nebraska
81%
3 New Hampshire
73%
4 New Jersey
70%
6 Nouveau Mexique
63%
Aucun quiz correspondant
Distribution des résultats
% des personnes avec chaque résultat
Percentile par nombre de réponses
Votre historique - résultats
Vous n’avez pas pris ce quiz